| 000 | 00458nam a2200157 4500 | ||
|---|---|---|---|
| 001 | 148555 | ||
| 003 | ES-MaACL | ||
| 005 | 20230906202710.0 | ||
| 007 | t| | ||
| 008 | 070214s1932 sp r ||||1| spa d | ||
| 100 | 1 |
_aStrong, Anna Louise. _9108454 |
|
| 245 | 1 | 3 |
_aLa agricultura soviética moderna / _cA. L. Strong. |
| 260 |
_aMadrid : _b[s. n., _c1932] ( _eCórdoba : _fImp. `La Unión`) |
||
| 300 |
_a48 p. ; _c18 x 12 cm. |
||
| 852 |
_aES-MaACL _j1681-F-20 |
||
| 999 |
_c148555 _d148555 |
||